Southville International School and Colleges
Your cart is empty.
  • Cart
  • Lists
    Public lists Eva Luna New books Lux_list list_1
    Your lists Log in to create your own lists
  • Log in to your account
  • Your cookies
  • Search history
Southville International School and Colleges
  • Advanced search
  • Recent comments
  • Most popular
  • Libraries

Log in to your account

Log in with GOOGLE


If you do not have an external account, but do have a local account, you can still log in:

  1. Home
  2. MARC view: Story book :
Normal view MARC view ISBD view

Story book : (Record no. 276891)

[ view plain ]
MARC details
000 -LEADER
fixed length control field 00908cam a22002657i 4500
001 - CONTROL NUMBER
control field 17834445
005 - DATE AND TIME OF LATEST TRANSACTION
control field 20141201084252.0
008 - FIXED-LENGTH DATA ELEMENTS--GENERAL INFORMATION
fixed length control field 130801s2013 ph b 000 0 eng
010 ## - LIBRARY OF CONGRESS CONTROL NUMBER
LC control number 2013307056
020 ## - INTERNATIONAL STANDARD BOOK NUMBER
International Standard Book Number 9789712728129
040 ## - CATALOGING SOURCE
Original cataloging agency DLC
Language of cataloging eng
Transcribing agency DLC
Description conventions rda
042 ## - AUTHENTICATION CODE
Authentication code lcode
050 00 - LIBRARY OF CONGRESS CALL NUMBER
Classification number Z 8.P5
Item number .J87 2013
100 1# - MAIN ENTRY--PERSONAL NAME
Personal name Jurilla, Patricia May B.,
Relator term author.
245 10 - TITLE STATEMENT
Title Story book :
Remainder of title essays on the history of the book in the Philippines /
Statement of responsibility, etc Patricia May B. Jurilla.
260 ## - PUBLICATION, DISTRIBUTION, ETC. (IMPRINT)
Place of publication, distribution, etc Mandaluyong City, Philippines :
Name of publisher, distributor, etc Anvil,
Date of publication, distribution, etc c2013.
300 ## - PHYSICAL DESCRIPTION
Extent x, 134 pages ;
Dimensions 21 cm.
504 ## - BIBLIOGRAPHY, ETC. NOTE
Bibliography, etc Includes bibliographical references (pages 129-134).
546 ## - LANGUAGE NOTE
Language note In English.
650 ## - SUBJECT ADDED ENTRY--TOPICAL TERM
Topical term or geographic name as entry element Books
General subdivision Philippines
-- History.
650 ## - SUBJECT ADDED ENTRY--TOPICAL TERM
Topical term or geographic name as entry element Publishers and publishing
General subdivision Philippines
-- History.
906 ## - LOCAL DATA ELEMENT F, LDF (RLIN)
a 7
b cbc
c origode
d 4
e ncip
f 20
g y-gencatlg
942 ## - ADDED ENTRY ELEMENTS (KOHA)
Source of classification or shelving scheme Library of Congress Classification
Koha item type Books
Call number prefix Filipininana
Holdings
Withdrawn status Lost status Source of classification or shelving scheme Damaged status Home library Current library Shelving location Date acquired Source of acquisition Sub Shelving location Total Checkouts Full call number Barcode Date last seen Price effective from Koha item type
    Library of Congress Classification   College Library College Library Filipiniana Section 12/01/2014 Library Fund     Z 8.P5 .J87 2013 C18986 05/08/2018 12/01/2014 Books

Story book :

APA

Jurilla P. M. B., . (2013). Story book. Mandaluyong City, Philippines: Anvil.

Chicago

Jurilla Patricia May B, . 2013. Story book. Mandaluyong City, Philippines: Anvil.

Harvard

Jurilla P. M. B., . (2013). Story book. Mandaluyong City, Philippines: Anvil.

MLA

Jurilla Patricia May B, . Story book. Mandaluyong City, Philippines: Anvil. 2013.

  • Place hold
  • Print
  • Cite
  • Add to your cart (remove)
  • Save record
    BIBTEX Dublin Core MARCXML MARC (non-Unicode/MARC-8) MARC (Unicode/UTF-8) MARC (Unicode/UTF-8, Standard) MODS (XML) RIS
  • More searches
    Search for this title in:
    Other Libraries (WorldCat) Other Databases (Google Scholar) Online Stores (Bookfinder.com) Open Library (openlibrary.org)

Exporting to Dublin Core...

SOUTHVILLE LIBRARY

Southville International School and Colleges Library

1281 Tropical Ave. Cor. Luxembourg St., BF Homes International, Las Pinas City

Tel. No. 8256374 / 252358 Loc. 117/146

Powered by Koha